<?xml version="1.0" encoding="UTF-8"?>
<collection xmlns="http://www.loc.gov/MARC21/slim">
 <record>
  <leader>00895nam a22001811a 4500</leader>
  <controlfield tag="001">1/25135</controlfield>
  <controlfield tag="008">050315s1995    gr        b   00010 gre  </controlfield>
  <datafield tag="035" ind1=" " ind2=" ">
   <subfield code="l">26922</subfield>
  </datafield>
  <datafield tag="040" ind1=" " ind2=" ">
   <subfield code="a">GR-PeUP</subfield>
  </datafield>
  <datafield tag="082" ind1="0" ind2="0">
   <subfield code="a">881 ΘΕΟ</subfield>
  </datafield>
  <datafield tag="245" ind1="0" ind2="0">
   <subfield code="a">Θεόκριτος:</subfield>
   <subfield code="b">Άπαντα: Ειδύλλια, Αποσπάσματα, Επιγράμματα, Σύριγξ /</subfield>
   <subfield code="c">μετάφραση Νικόλαος Γ. Νικολάου ; εισαγωγή-σχόλια Φιλολογική ομάδα Κάκτου</subfield>
  </datafield>
  <datafield tag="260" ind1="0" ind2=" ">
   <subfield code="a">Αθήνα:</subfield>
   <subfield code="b">Κάκτος,</subfield>
   <subfield code="c">1995</subfield>
  </datafield>
  <datafield tag="300" ind1=" " ind2=" ">
   <subfield code="a">455 σ. ;</subfield>
   <subfield code="b">21 εκ.</subfield>
  </datafield>
  <datafield tag="504" ind1=" " ind2=" ">
   <subfield code="a">Περιέχει βιβλιογραφία</subfield>
  </datafield>
  <datafield tag="600" ind1="1" ind2="4">
   <subfield code="a">Θεόκριτος</subfield>
   <subfield code="d">310-245 π.Χ.</subfield>
  </datafield>
  <datafield tag="650" ind1=" " ind2="4">
   <subfield code="a">Ελληνική λογοτεχνία, Αρχαία.</subfield>
  </datafield>
  <datafield tag="700" ind1="1" ind2=" ">
   <subfield code="a">Νικολάου, Νικόλαος Γ.</subfield>
  </datafield>
  <datafield tag="852" ind1=" " ind2=" ">
   <subfield code="a">INST</subfield>
   <subfield code="b">UNIPILB</subfield>
   <subfield code="c">MAIN</subfield>
   <subfield code="e">20050315</subfield>
   <subfield code="h">881 ΘΕΟ</subfield>
   <subfield code="p">00147213</subfield>
   <subfield code="q">00147213</subfield>
   <subfield code="t">LOAN</subfield>
   <subfield code="y">0</subfield>
   <subfield code="4">1</subfield>
  </datafield>
 </record>
</collection>
